[Event "Collado Villalba 2015 Torneo B"]
[Site "Collado Villalba (ESP)"]
[Date "2015.08.22"]
[Round "1.22"]
[White "Orta Vazquez, Mario"]
[Black "Leniz Martinez, Francisco"]
[Result "0-1"]
[WhiteElo "1409"]
[BlackElo "1689"]
[PlyCount "108"]
[EventDate "2015.08.22"]
[EventType "swiss"]
[EventRounds "9"]
[EventCountry "ESP"]
[Source "lmi"]
[SourceDate "2015.08.22"]

1. c4 e5 2. Nc3 Nf6 3. g3 d5 4. cxd5 Nxd5 5. Bg2 Nb6 6. d3 Be7 7. e4 Be6 8.
Nge2 Nc6 9. a3 a5 10. Be3 O-O 11. O-O Nd4 12. Bxd4 exd4 13. Na4 Nxa4 14. Qxa4
c5 15. Nf4 Bd7 16. Qc2 Bc6 17. Rfe1 Ra6 18. a4 Re8 19. Qc4 Rb6 20. b3 Rb4 21.
Qc2 Bf8 22. Ne2 Rb6 23. Qc4 Rb4 24. Qc2 f5 25. f3 fxe4 26. fxe4 b5 27. axb5
Rxb5 28. Qc4+ Kh8 29. Rf1 Rb8 30. Nf4 Bb5 31. Qc2 Bc6 32. Bh3 Qb6 33. Be6 Bd6
34. Bc4 Bb5 35. Bd5 Bd7 36. Bc4 Bb5 37. Nd5 Qa7 38. Rf2 Bxc4 39. bxc4 Rf8 40.
Raf1 Qa8 41. Qe2 Rxf2 42. Rxf2 a4 43. e5 Re8 44. e6 Qc8 45. e7 h6 46. Qe4 a3
47. Nf4 Bxf4 48. gxf4 Qc7 49. Re2 Qd7 50. Ra2 Qxe7 51. Rxa3 Qxe4 52. dxe4 Rxe4
53. Ra5 d3 54. Rxc5 Rd4 0-1

[Event "Collado Villalba 2015 Torneo B"]
[Site "Collado Villalba (ESP)"]
[Date "2015.08.22"]
[Round "1.23"]
[White "Perez Bruni, Alfredo"]
[Black "Perez Ramos, Miguel Angel"]
[Result "1-0"]
[WhiteElo "1688"]
[BlackElo "1358"]
[PlyCount "75"]
[EventDate "2015.08.22"]
[EventType "swiss"]
[EventRounds "9"]
[EventCountry "ESP"]
[Source "lmi"]
[SourceDate "2015.08.22"]

1. e4 d6 2. d4 e5 3. Nf3 Bg4 4. dxe5 Nc6 5. Bb5 a6 6. Bxc6+ bxc6 7. exd6 Bxd6
8. Nc3 Qe7 9. Qe2 Be5 10. Bd2 Nf6 11. Qc4 Bd7 12. Nxe5 Qxe5 13. O-O O-O 14.
Rfe1 Qd6 15. e5 Qxd2 16. exf6 Qg5 17. fxg7 Qxg7 18. Re3 Kh8 19. Rg3 Qe5 20. Re3
Qg7 21. Rae1 Rae8 22. Rxe8 Rxe8 23. Rxe8+ Bxe8 24. Qxa6 h6 25. Qe2 Bd7 26. Qe3
f5 27. f4 h5 28. Kf2 Qg8 29. Qe5+ Qg7 30. Na4 Qxe5 31. fxe5 Kg7 32. Ke3 Kf7 33.
Kf4 Be6 34. a3 Kg6 35. Nc5 Bd5 36. g3 Bc4 37. a4 h4 38. a5 1-0

[Event "Collado Villalba 2015 Torneo B"]
[Site "Collado Villalba (ESP)"]
[Date "2015.08.22"]
[Round "1.24"]
[White "Bermejo Calvo, Nora"]
[Black "Rodriguez Bachiller, Luis"]
[Result "0-1"]
[WhiteElo "1313"]
[BlackElo "1685"]
[PlyCount "106"]
[EventDate "2015.08.22"]
[EventType "swiss"]
[EventRounds "9"]
[EventCountry "ESP"]
[Source "lmi"]
[SourceDate "2015.08.22"]

1. e4 c6 2. Nf3 d6 3. d3 Nf6 4. Nc3 e5 5. d4 exd4 6. Nxd4 Be7 7. Bf4 O-O 8. Bd3
Nbd7 9. O-O Nc5 10. Re1 Nxd3 11. cxd3 Bg4 12. Qd2 Nh5 13. h3 Nxf4 14. Qxf4 Bd7
15. Nf3 Qb6 16. b3 Qb4 17. Qd2 Bf6 18. Rac1 a5 19. d4 Rfe8 20. e5 Be7 21. Qb2
Be6 22. Rb1 dxe5 23. a3 Qxa3 24. Nxe5 Qxb2 25. Rxb2 Ba3 26. Rbb1 Bb4 27. Re3
Bf5 28. Rd1 Bd6 29. Nc4 Bc7 30. Re2 Rxe2 31. Nxe2 Bc2 32. Ra1 Bxb3 33. Nd2 Bd5
34. Nc3 Rd8 35. Nf1 Bc4 36. Rd1 Bxf1 37. Kxf1 Bb6 38. Ne2 Kf8 39. f3 a4 40. Rd3
Bc5 41. Nc1 Rxd4 42. Rc3 Bb4 43. Rc2 c5 44. Ke2 b5 45. Na2 Ba5 46. Rxc5 Rd2+
47. Ke3 Rxa2 48. Rxb5 Bd8 49. Rb4 g6 50. Kd3 Kg7 51. Kc4 a3 52. Kb3 Rxg2 53.
Rg4 Rxg4 0-1

[Event "Collado Villalba 2015 Torneo B"]
[Site "Collado Villalba (ESP)"]
[Date "2015.08.22"]
[Round "1.25"]
[White "Martinez Pintor, Juan"]
[Black "Buergo Villanueva, Fernando"]
[Result "1-0"]
[WhiteElo "1684"]
[BlackElo "1308"]
[PlyCount "79"]
[EventDate "2015.08.22"]
[EventType "swiss"]
[EventRounds "9"]
[EventCountry "ESP"]
[Source "lmi"]
[SourceDate "2015.08.22"]

1. d4 d5 2. Nf3 Nf6 3. e3 Bg4 4. h3 Bh5 5. g4 Bg6 6. Ne5 Qd6 7. h4 h5 8. Nxg6
fxg6 9. g5 Ng4 10. Nd2 Nxf2 11. Kxf2 e5 12. Nf3 e4 13. Ne5 Nd7 14. Nxd7 Qxd7
15. Bh3 Qf7+ 16. Kg2 Bd6 17. Rf1 Qe7 18. Bd2 c5 19. Be1 Qc7 20. Be6 Rf8 21.
Rxf8+ Kxf8 22. Bxd5 Re8 23. Qe2 Ke7 24. Bxe4 Kd8 25. Bxg6 Re7 26. Qf3 Re6 27.
Qf5 Rxe3 28. dxc5 Qc6+ 29. Kg1 Bh2+ 30. Kxh2 Qc7+ 31. Kg1 Rg3+ 32. Bxg3 Qxg3+
33. Kf1 Kc7 34. Be8 Kb8 35. Rd1 a5 36. c6 Qc7 37. Qf3 b6 38. Rd7 Qe5 39. c7+
Kc8 40. Qa8# 1-0

[Event "Collado Villalba 2015 Torneo B"]
[Site "Collado Villalba (ESP)"]
[Date "2015.08.22"]
[Round "1.26"]
[White "Andrade Sandoval, Marian"]
[Black "Dominguez Coig, Alvaro"]
[Result "0-1"]
[WhiteElo "1291"]
[BlackElo "1684"]
[PlyCount "92"]
[EventDate "2015.08.22"]
[EventType "swiss"]
[EventRounds "9"]
[EventCountry "ESP"]
[Source "lmi"]
[SourceDate "2015.08.22"]

1. d4 Nf6 2. Nf3 e6 3. e3 b6 4. Bd3 Bb7 5. Nbd2 Be7 6. a3 O-O 7. b4 d5 8. Bb2
Nbd7 9. O-O c5 10. c4 cxb4 11. axb4 Bxb4 12. Ba3 Bxa3 13. Rxa3 Qe7 14. Ra1 dxc4
15. Bxc4 Rfc8 16. Bd3 a6 17. Rc1 Rxc1 18. Qxc1 Rc8 19. Qb1 b5 20. Rc1 Rxc1+ 21.
Qxc1 Nb6 22. Qc5 Qxc5 23. dxc5 Na4 24. Nb3 Nd7 25. Na5 Bxf3 26. gxf3 Naxc5 27.
Be2 b4 28. Bc4 Ne5 29. f4 Nxc4 30. Nxc4 Kf8 31. Kf1 Ke7 32. Ke2 Kd7 33. Kd2 f6
34. Kc2 Kc6 35. Na5+ Kb5 36. Nb3 Nxb3 37. Kxb3 a5 38. e4 a4+ 39. Kb2 Kc4 40.
Ka2 Kc3 41. Kb1 b3 42. f3 a3 43. h3 a2+ 44. Ka1 Kc2 45. h4 b2+ 46. Kxa2 b1=Q+
0-1

[Event "Collado Villalba 2015 Torneo B"]
[Site "Collado Villalba (ESP)"]
[Date "2015.08.22"]
[Round "1.27"]
[White "Martinez Martinez, Manuel Ii"]
[Black "Lianes Garcia, Alicia"]
[Result "1-0"]
[WhiteElo "1678"]
[BlackElo "1277"]
[PlyCount "103"]
[EventDate "2015.08.22"]
[EventType "swiss"]
[EventRounds "9"]
[EventCountry "ESP"]
[Source "lmi"]
[SourceDate "2015.08.22"]

1. d4 d5 2. c4 dxc4 3. e3 Nf6 4. Bxc4 e6 5. Nf3 c5 6. O-O a6 7. dxc5 Qxd1 8.
Rxd1 Bxc5 9. a3 b5 10. Be2 Nc6 11. b4 Bb6 12. Bb2 Bd8 13. Nbd2 O-O 14. Rac1 Bb7
15. Nb3 Be7 16. Nc5 Rab8 17. Bxf6 Bxf6 18. Nxb7 Rxb7 19. Rxc6 Ra7 20. Nd4 Rd8
21. Rcc1 Rad7 22. Nc6 Rxd1+ 23. Rxd1 Rxd1+ 24. Bxd1 Bb2 25. a4 bxa4 26. Bxa4
Kf8 27. Nb8 Ba3 28. Nxa6 Ke7 29. b5 Kd7 30. Kf1 Kd6 31. e4 Bc5 32. Nxc5 Kxc5
33. Ke2 Kb6 34. Kd3 Kc5 35. f3 Kb6 36. Kc4 Ka5 37. Kc5 Kxa4 38. b6 Kb3 39. b7
Kc3 40. b8=Q Kd3 41. Qb3+ Ke2 42. Qb2+ Ke3 43. Qd4+ Kf4 44. e5+ Kf5 45. h4 f6
46. g4+ Kg6 47. Qd3+ Kf7 48. Kd6 g6 49. exf6 Kxf6 50. Qc3+ Kf7 51. g5 Ke8 52.
Kxe6 1-0

[Event "Collado Villalba 2015 Torneo B"]
[Site "Collado Villalba (ESP)"]
[Date "2015.08.22"]
[Round "1.28"]
[White "Lancharro Delgado, Miguel"]
[Black "Reyes Penas, Sebastian"]
[Result "0-1"]
[WhiteElo "1247"]
[BlackElo "1675"]
[PlyCount "66"]
[EventDate "2015.08.22"]
[EventType "swiss"]
[EventRounds "9"]
[EventCountry "ESP"]
[Source "lmi"]
[SourceDate "2015.08.22"]

1. e4 c5 2. Nf3 e6 3. d4 cxd4 4. Nxd4 a6 5. Nc3 Qc7 6. Be3 Bb4 7. Qd3 Nf6 8. a3
Bxc3+ 9. bxc3 Nxe4 10. c4 Nc5 11. Qc3 O-O 12. Be2 b6 13. Bf3 Bb7 14. Bxb7 Qxb7
15. O-O d6 16. Nf3 Nbd7 17. Rfb1 Rac8 18. Bd4 e5 19. Be3 Nf6 20. a4 Nfe4 21.
Qb4 Nd7 22. a5 Nec5 23. axb6 Rc6 24. Bxc5 dxc5 25. Qa4 Rxb6 26. Rxb6 Nxb6 27.
Qxa6 Ra8 28. Qxa8+ Nxa8 29. Nxe5 f6 30. Nd3 Qc6 31. h3 Nc7 32. Ra5 Ne6 33. Kh2
Qc7+ 0-1

[Event "Collado Villalba 2015 Torneo B"]
[Site "Collado Villalba (ESP)"]
[Date "2015.08.22"]
[Round "1.29"]
[White "Guillo Longares, Cecilia"]
[Black "Lancharro Perez, Francisco"]
[Result "1-0"]
[WhiteElo "1674"]
[BlackElo "1166"]
[PlyCount "33"]
[EventDate "2015.08.22"]
[EventType "swiss"]
[EventRounds "9"]
[EventCountry "ESP"]
[Source "lmi"]
[SourceDate "2015.08.22"]

1. d4 d5 2. c4 c6 3. Nc3 Nf6 4. Nf3 e6 5. Bg5 Nbd7 6. cxd5 cxd5 7. e3 a6 8. Bd3
Be7 9. O-O b5 10. a3 O-O 11. Qc2 Qc7 12. Nxd5 Qxc2 13. Nxe7+ Kh8 14. Bxc2 Bb7
15. Bxf6 Nxf6 16. Ne5 Rfe8 17. Nxf7# 1-0

[Event "Collado Villalba 2015 Torneo B"]
[Site "Collado Villalba (ESP)"]
[Date "2015.08.22"]
[Round "1.30"]
[White "Pascual Gomez, Jesus"]
[Black "Fernandez Estremera, Fernando"]
[Result "1-0"]
[WhiteElo "1714"]
[BlackElo "1672"]
[PlyCount "99"]
[EventDate "2015.08.22"]
[EventType "swiss"]
[EventRounds "9"]
[EventCountry "ESP"]
[Source "lmi"]
[SourceDate "2015.08.22"]

1. e4 c5 2. Nf3 e6 3. d4 cxd4 4. Nxd4 a6 5. Bc4 b5 6. Bb3 Bb7 7. Qf3 Nf6 8. Nd2
Qc7 9. c3 Be7 10. Bc2 d5 11. O-O dxe4 12. Nxe4 Nbd7 13. Re1 Ne5 14. Qg3 Nh5 15.
Qh3 Nf6 16. Bf4 Nd5 17. Bg3 Nf6 18. Nxf6+ Bxf6 19. Qh5 g5 20. Qe2 Qc4 21. Bxe5
Qd5 22. f3 Bxe5 23. Qxe5 Qxe5 24. Rxe5 h6 25. Be4 Bxe4 26. Rxe4 Kd7 27. Rd1 Kc7
28. Nb3 Rhd8 29. Red4 Rxd4 30. Rxd4 e5 31. Rd5 f6 32. Nd2 Kc6 33. Rd3 f5 34.
Kf2 a5 35. c4 b4 36. Rd5 a4 37. Rxe5 Rd8 38. Ke2 a3 39. b3 f4 40. Re6+ Rd6 41.
Rxd6+ Kxd6 42. Ne4+ Kc6 43. Kd3 Kb6 44. Kd4 Kc6 45. Ke5 Kc7 46. Kf5 Kd7 47. Kg6
Ke6 48. Kxh6 Kd7 49. Kxg5 Kc7 50. h4 1-0

[Event "Collado Villalba 2015 Torneo B"]
[Site "Collado Villalba (ESP)"]
[Date "2015.08.23"]
[Round "2.1"]
[White "Andrade Sandoval, Bianca"]
[Black "Fernandez Garcia, Ignacio"]
[Result "1-0"]
[WhiteElo "1705"]
[BlackElo "1870"]
[PlyCount "107"]
[EventDate "2015.08.22"]
[EventType "swiss"]
[EventRounds "9"]
[EventCountry "ESP"]
[Source "lmi"]
[SourceDate "2015.08.22"]

1. d4 d6 2. Nf3 Nf6 3. c4 g6 4. Nc3 Bg7 5. e4 Bg4 6. Be2 O-O 7. O-O c6 8. h3
Bc8 9. Be3 Na6 10. Qd2 Re8 11. Rfd1 Nd7 12. a3 c5 13. d5 Nc7 14. Rac1 a6 15. b4
b6 16. Rb1 cxb4 17. Rxb4 b5 18. cxb5 axb5 19. Nxb5 Nxb5 20. Bxb5 Rxa3 21. Rc1
Qa5 22. Bd4 Ra2 23. Qc3 Bxd4 24. Qxd4 Qd8 25. Rbc4 Ba6 26. Bxa6 Rxa6 27. Rc8
Qxc8 28. Rxc8 Rxc8 29. Qe3 Rca8 30. Qg5 Nf6 31. Qf4 Ra4 32. Nd2 Nxd5 33. Qg5
Nf6 34. e5 R8a5 35. f4 dxe5 36. fxe5 h6 37. Qe3 Ra3 38. Qf4 Nh5 39. Qd4 e6 40.
Ne4 Rd5 41. Qb2 Rd1+ 42. Kh2 Raa1 43. Nf2 Rdb1 44. Qd2 g5 45. g4 Nf4 46. Qd8+
Kh7 47. Qe7 Rb8 48. Qxf7+ Kh8 49. Qf6+ Kg8 50. Qxh6 Rb4 51. Qxg5+ Kh7 52. Qe7+
Kg8 53. Qxb4 Rf1 54. Qxf4 1-0

[Event "Collado Villalba 2015 Torneo B"]
[Site "Collado Villalba (ESP)"]
[Date "2015.08.23"]
[Round "2.2"]
[White "Tarrio Ocana, Jose Manuel"]
[Black "De Dompablo Fantova, Juan"]
[Result "0-1"]
[WhiteElo "1852"]
[BlackElo "1712"]
[PlyCount "68"]
[EventDate "2015.08.22"]
[EventType "swiss"]
[EventRounds "9"]
[EventCountry "ESP"]
[Source "lmi"]
[SourceDate "2015.08.22"]

1. e4 c5 2. Nc3 d6 3. Bc4 Nf6 4. h3 g6 5. f4 Bg7 6. Nf3 O-O 7. d3 Nc6 8. O-O
Bd7 9. a4 a5 10. Be3 Qb6 11. Rb1 Nd4 12. e5 Nxf3+ 13. Qxf3 Bc6 14. Qf2 Nd7 15.
d4 Qb4 16. Bd5 cxd4 17. Bxd4 dxe5 18. fxe5 e6 19. Bxc6 bxc6 20. Ne4 Bxe5 21.
Bxe5 Nxe5 22. Qh4 f5 23. Nf6+ Kg7 24. Qxh7+ Kxf6 25. Qh6 Qd4+ 26. Kh1 Rh8 27.
Qf4 Qxf4 28. Rxf4 Rad8 29. b4 axb4 30. Rfxb4 Rd2 31. a5 Ra8 32. Ra1 Ra6 33. Rb6
Rxb6 34. axb6 Rd8 0-1

[Event "Collado Villalba 2015 Torneo B"]
[Site "Collado Villalba (ESP)"]
[Date "2015.08.23"]
[Round "2.3"]
[White "Andrade Sandoval, Jim Carlos"]
[Black "Fernandez Martinez, Jose"]
[Result "1-0"]
[WhiteElo "1824"]
[BlackElo "1701"]
[PlyCount "93"]
[EventDate "2015.08.22"]
[EventType "swiss"]
[EventRounds "9"]
[EventCountry "ESP"]
[Source "lmi"]
[SourceDate "2015.08.22"]

1. Nf3 d5 2. c4 e6 3. e3 Nf6 4. Nc3 c6 5. b3 Be7 6. Bb2 O-O 7. Qc2 Na6 8. a3
Nc7 9. d4 Bd7 10. Bd3 h6 11. O-O Rc8 12. Ne5 Nce8 13. c5 Qc7 14. Ne2 b6 15. b4
b5 16. f4 Qd8 17. Rf3 Nc7 18. Rh3 Be8 19. g4 Ne4 20. Bxe4 dxe4 21. Qxe4 Nd5 22.
g5 f5 23. gxf6 Nxf6 24. Qg2 Qd5 25. Qxd5 exd5 26. Nc3 Bd7 27. Rg3 Bf5 28. Rd1
Ne4 29. Nxe4 Bxe4 30. Ng4 Kh8 31. Nf2 Bh7 32. Nd3 Bxd3 33. Rxd3 Rce8 34. Kg2
Bf6 35. Kf3 Re4 36. Bc1 Rfe8 37. Rg2 Kg8 38. Ra2 R4e6 39. a4 a6 40. axb5 axb5
41. Ra7 R8e7 42. Rda3 Rxa7 43. Rxa7 Bh4 44. Bd2 Be7 45. f5 Re4 46. Rc7 Rh4 47.
Rxe7 1-0

[Event "Collado Villalba 2015 Torneo B"]
[Site "Collado Villalba (ESP)"]
[Date "2015.08.23"]
[Round "2.5"]
[White "Rodriguez Del Moral, Angel"]
[Black "Perez Bruni, Alfredo"]
[Result "1-0"]
[WhiteElo "1797"]
[BlackElo "1688"]
[PlyCount "83"]
[EventDate "2015.08.22"]
[EventType "swiss"]
[EventRounds "9"]
[EventCountry "ESP"]
[Source "lmi"]
[SourceDate "2015.08.22"]

1. b3 e5 2. Bb2 Nc6 3. e3 d5 4. Bb5 Bd6 5. Nf3 Qe7 6. h3 a6 7. Bxc6+ bxc6 8.
O-O c5 9. d4 cxd4 10. exd4 e4 11. Ne5 Nf6 12. c4 O-O 13. c5 Bxe5 14. dxe5 Nd7
15. Qxd5 Qg5 16. f4 exf3 17. Rxf3 Rb8 18. Na3 c6 19. Qd6 Nxc5 20. Qxc5 Be6 21.
Qe3 Qe7 22. Nc2 Qb7 23. Ba3 Rfe8 24. Rd1 Rbc8 25. Bc5 Qb5 26. Bd6 c5 27. Rg3 c4
28. Nd4 Qd5 29. Qe2 g6 30. Nxe6 Qxe6 31. bxc4 Rxc4 32. Qf2 Qc8 33. Rf1 Rc7 34.
Bxc7 Qxc7 35. Rf3 Re7 36. e6 f5 37. Re1 h5 38. Rd3 Qc4 39. Rd8+ Kg7 40. Qd4+
Qxd4+ 41. Rxd4 Kf6 42. Rd7 1-0

[Event "Collado Villalba 2015 Torneo B"]
[Site "Collado Villalba (ESP)"]
[Date "2015.08.23"]
[Round "2.6"]
[White "Dominguez Coig, Alvaro"]
[Black "Sanz Toledano, Alfonso"]
[Result "0-1"]
[WhiteElo "1684"]
[BlackElo "1796"]
[PlyCount "52"]
[EventDate "2015.08.22"]
[EventType "swiss"]
[EventRounds "9"]
[EventCountry "ESP"]
[Source "lmi"]
[SourceDate "2015.08.22"]

1. e4 c5 2. Nf3 Nf6 3. Nc3 Nc6 4. d4 d5 5. exd5 Nxd5 6. Nxd5 Qxd5 7. c4 Qe4+ 8.
Be3 cxd4 9. Nxd4 e6 10. Nxc6 Qxc6 11. Qg4 Bb4+ 12. Bd2 Bxd2+ 13. Kxd2 O-O 14.
Rd1 Qb6 15. Kc1 e5 16. Qh4 Bf5 17. Bd3 Bg6 18. Rhe1 Bxd3 19. Rxd3 Qa5 20. Ree3
Rad8 21. Qe4 Rxd3 22. Rxd3 Qc7 23. Qd5 g6 24. b3 e4 25. Qd6 Qa5 26. Kb2 exd3
0-1

[Event "Collado Villalba 2015 Torneo B"]
[Site "Collado Villalba (ESP)"]
[Date "2015.08.23"]
[Round "2.7"]
[White "Herrero Corada, Jose Ignacio"]
[Black "Martinez Pintor, Juan"]
[Result "1-0"]
[WhiteElo "1792"]
[BlackElo "1684"]
[PlyCount "43"]
[EventDate "2015.08.22"]
[EventType "swiss"]
[EventRounds "9"]
[EventCountry "ESP"]
[Source "lmi"]
[SourceDate "2015.08.22"]

1. e4 e6 2. d4 d5 3. exd5 exd5 4. Bd3 Nc6 5. Ne2 Bd6 6. c3 Nge7 7. Bf4 Bf5 8.
O-O Bxf4 9. Nxf4 Qd6 10. Nh5 Qg6 11. Be2 O-O 12. Ng3 Bd7 13. Na3 a6 14. Nc2 Nf5
15. Bd3 Qg5 16. f4 Qf6 17. Qh5 g6 18. Qg4 Nxg3 19. Qxg3 Ne7 20. Ne3 c6 21. f5
g5 22. Ng4 1-0

[Event "Collado Villalba 2015 Torneo B"]
[Site "Collado Villalba (ESP)"]
[Date "2015.08.23"]
[Round "2.8"]
[White "Garcia Lopez, Fernando"]
[Black "Sancho Castiello, Federico"]
[Result "1-0"]
[WhiteElo "1646"]
[BlackElo "1790"]
[PlyCount "37"]
[EventDate "2015.08.22"]
[EventType "swiss"]
[EventRounds "9"]
[EventCountry "ESP"]
[Source "lmi"]
[SourceDate "2015.08.22"]

1. e4 c5 2. Nf3 e6 3. d4 cxd4 4. Nxd4 Nc6 5. Nc3 a6 6. Be3 Qc7 7. Bd3 b5 8.
Nxc6 Qxc6 9. O-O Bb7 10. Kh1 Nf6 11. f3 Qc7 12. Qd2 Be7 13. Rfe1 O-O 14. a4 b4
15. Na2 d5 16. e5 Qxe5 17. Bf4 Qxb2 18. Be5 d4 19. Bxd4 1-0

[Event "Collado Villalba 2015 Torneo B"]
[Site "Collado Villalba (ESP)"]
[Date "2015.08.23"]
[Round "2.9"]
[White "Barranco Martinez, Gabriel"]
[Black "Martinez Martinez, Manuel Ii"]
[Result "1-0"]
[WhiteElo "1784"]
[BlackElo "1678"]
[PlyCount "61"]
[EventDate "2015.08.22"]
[EventType "swiss"]
[EventRounds "9"]
[EventCountry "ESP"]
[Source "lmi"]
[SourceDate "2015.08.22"]

1. d4 Nf6 2. c4 e6 3. Nc3 c6 4. e3 Be7 5. Bd3 d5 6. Nf3 Nbd7 7. O-O O-O 8. Qc2
h6 9. Re1 Qc7 10. e4 dxe4 11. Nxe4 Nxe4 12. Bxe4 Nf6 13. Bd3 Bd6 14. h3 Bf4 15.
Bxf4 Qxf4 16. Re5 Nd7 17. Re4 Qc7 18. Rae1 Nf6 19. Rh4 Re8 20. Ne5 Re7 21. Re3
h5 22. Rg3 Nd7 23. Bh7+ Kf8 24. Rxh5 Nxe5 25. dxe5 f5 26. exf6 Rf7 27. Bg6 Rxf6
28. Rh8+ Ke7 29. Re8+ Kd6 30. c5+ Ke5 31. Qe4# 1-0

[Event "Collado Villalba 2015 Torneo B"]
[Site "Collado Villalba (ESP)"]
[Date "2015.08.23"]
[Round "2.10"]
[White "Merino Conrado, Ricardo"]
[Black "Liceras Ruiz, Manuel"]
[Result "0-1"]
[WhiteElo "1468"]
[BlackElo "1782"]
[PlyCount "34"]
[EventDate "2015.08.22"]
[EventType "swiss"]
[EventRounds "9"]
[EventCountry "ESP"]
[Source "lmi"]
[SourceDate "2015.08.22"]

1. Nf3 Nf6 2. c4 e6 3. a3 d5 4. cxd5 exd5 5. d4 c6 6. e3 Bf5 7. Nc3 Nbd7 8. Bd3
Bxd3 9. Qxd3 Bd6 10. Nd2 O-O 11. f3 Re8 12. O-O Qc7 13. e4 Bxh2+ 14. Kh1 Qg3
15. e5 Nh5 16. Ne2 Qh4 17. f4 Bg3+ 0-1

[Event "Collado Villalba 2015 Torneo B"]
[Site "Collado Villalba (ESP)"]
[Date "2015.08.23"]
[Round "2.11"]
[White "Tronch Ilzarbe, Carlos Maria"]
[Black "Guillo Longares, Cecilia"]
[Result "0-1"]
[WhiteElo "1761"]
[BlackElo "1674"]
[PlyCount "54"]
[EventDate "2015.08.22"]
[EventType "swiss"]
[EventRounds "9"]
[EventCountry "ESP"]
[Source "lmi"]
[SourceDate "2015.08.22"]

1. d4 Nf6 2. Bf4 g6 3. e3 Bg7 4. c3 O-O 5. Bd3 d6 6. h3 c5 7. Nf3 Nbd7 8. Nbd2
a6 9. a4 b6 10. O-O Bb7 11. Rb1 Bc6 12. Qc2 b5 13. axb5 axb5 14. Ra1 Qb6 15. b3
Nd5 16. Bg3 b4 17. Nc4 Qc7 18. cxb4 Nxb4 19. Qe2 Bxf3 20. gxf3 cxd4 21. Rxa8
Rxa8 22. exd4 Bxd4 23. Qe4 Nc6 24. f4 Rb8 25. Rb1 Nc5 26. Qf3 Bf6 27. Qd5 Nb4
0-1

[Event "Collado Villalba 2015 Torneo B"]
[Site "Collado Villalba (ESP)"]
[Date "2015.08.23"]
[Round "2.13"]
[White "Calvo De Castro, Miguel"]
[Black "Pascual Gomez, Jesus"]
[Result "1-0"]
[WhiteElo "1725"]
[BlackElo "1714"]
[PlyCount "31"]
[EventDate "2015.08.22"]
[EventType "swiss"]
[EventRounds "9"]
[EventCountry "ESP"]
[Source "lmi"]
[SourceDate "2015.08.22"]

1. e4 e5 2. Nf3 Nc6 3. Bc4 Nd4 4. Nxe5 Qg5 5. Bxf7+ Ke7 6. O-O Qxe5 7. Bc4 d6
8. c3 Ne6 9. d4 Qf6 10. e5 dxe5 11. Re1 exd4 12. Qb3 c5 13. Bxe6 Kd8 14. Qd5+
Kc7 15. Bg5 Qg6 16. Bd8+ 1-0

[Event "Collado Villalba 2015 Torneo B"]
[Site "Collado Villalba (ESP)"]
[Date "2015.08.23"]
[Round "2.14"]
[White "Rufo Yebra, Benito"]
[Black "Fernandez Martinez, Luis"]
[Result "0-1"]
[WhiteElo "1486"]
[BlackElo "1944"]
[PlyCount "98"]
[EventDate "2015.08.22"]
[EventType "swiss"]
[EventRounds "9"]
[EventCountry "ESP"]
[Source "lmi"]
[SourceDate "2015.08.22"]

1. d4 d5 2. Nf3 g6 3. Bf4 Bg7 4. h3 Nd7 5. Nc3 c6 6. e4 dxe4 7. Nxe4 Ngf6 8.
Bd3 Nxe4 9. Bxe4 Nf6 10. Be5 O-O 11. Bd3 Qa5+ 12. Qd2 Qxd2+ 13. Nxd2 Nd5 14.
Bxg7 Kxg7 15. O-O-O Nb4 16. Bc4 b5 17. Bb3 a5 18. a3 Nd5 19. Rhe1 e6 20. c3 Nf4
21. Nf3 b4 22. cxb4 axb4 23. a4 Ba6 24. Rd2 Nd3+ 25. Kb1 Nxe1 26. Nxe1 Rfd8 27.
f4 c5 28. Nf3 c4 29. Bc2 Bb7 30. b3 c3 31. Rd3 Be4 32. Re3 Bxf3 33. Rxf3 Rxd4
34. g4 Rad8 35. Rf1 Rd2 36. f5 e5 37. fxg6 hxg6 38. h4 Rg2 39. g5 Rdd2 40. Rc1
e4 41. a5 e3 42. a6 Rd7 43. Be4 Rb2+ 44. Ka1 Rxb3 45. Bb7 Ra3+ 46. Kb1 Rd2 47.
Rc2 Rd1+ 48. Rc1 Rxc1+ 49. Kxc1 e2 0-1

[Event "Collado Villalba 2015 Torneo B"]
[Site "Collado Villalba (ESP)"]
[Date "2015.08.23"]
[Round "2.15"]
[White "Suarez Prieto, Leopoldo"]
[Black "Aragon Gutierrez, Alejandro"]
[Result "0-1"]
[WhiteElo "1646"]
[BlackElo "1806"]
[PlyCount "122"]
[EventDate "2015.08.22"]
[EventType "swiss"]
[EventRounds "9"]
[EventCountry "ESP"]
[Source "lmi"]
[SourceDate "2015.08.22"]

1. e4 e6 2. g3 d5 3. Bg2 dxe4 4. Bxe4 Bc5 5. c3 Nf6 6. Bc2 h6 7. d4 Bb6 8. Be3
Qe7 9. Nd2 Nd5 10. Ngf3 Nxe3 11. fxe3 a6 12. O-O Nd7 13. Nc4 f6 14. Bg6+ Kd8
15. Re1 c6 16. Nxb6 Nxb6 17. Bc2 g5 18. b3 Kc7 19. c4 h5 20. a4 h4 21. a5 Nd7
22. g4 h3 23. d5 exd5 24. cxd5 Ne5 25. Nxe5 Qxe5 26. Qd4 Qxd4 27. exd4 Bxg4 28.
dxc6 bxc6 29. Re7+ Kd6 30. Rae1 Rhf8 31. b4 Bd7 32. Rg7 Rae8 33. Rxe8 Rxe8 34.
Kf2 Re7 35. Rg8 Be6 36. Rg6 Rf7 37. Bd3 Kd5 38. Bxa6 Kxd4 39. Be2 Bc4 40. Bf3
Kc3 41. Be2 Bxe2 42. Kxe2 Kxb4 43. a6 c5 44. Rg8 Ra7 45. Rb8+ Ka5 46. Rc8 Kb6
47. Rf8 Rxa6 48. Rxf6+ Kb5 49. Rf5 Ra2+ 50. Kf3 Rxh2 51. Rxg5 Ra2 52. Rh5 h2
53. Ke3 Kc4 54. Rh4+ Kc3 55. Rh5 c4 56. Rh7 Rg2 57. Kf3 Rd2 58. Ke3 Kc2 59. Rh4
c3 60. Rh7 Kd1 61. Rh6 c2 0-1

[Event "Collado Villalba 2015 Torneo B"]
[Site "Collado Villalba (ESP)"]
[Date "2015.08.23"]
[Round "2.16"]
[White "Soto Martin, Miguel"]
[Black "Melcon Diez, Enrique"]
[Result "1-0"]
[WhiteElo "1716"]
[BlackElo "1639"]
[PlyCount "71"]
[EventDate "2015.08.22"]
[EventType "swiss"]
[EventRounds "9"]
[EventCountry "ESP"]
[Source "lmi"]
[SourceDate "2015.08.22"]

1. d4 Nf6 2. Nf3 g6 3. g3 Bg7 4. Bg2 O-O 5. O-O d5 6. Ne5 Ng4 7. Nxg4 Bxg4 8.
c4 Nc6 9. cxd5 Nxd4 10. Nc3 Qd7 11. Bf4 Rac8 12. Re1 Rfd8 13. Qd3 c6 14. e4 c5
15. f3 Bh3 16. Rad1 a6 17. Be3 b5 18. Ne2 e5 19. f4 c4 20. Qd2 Nxe2+ 21. Qxe2
Bg4 22. Bf3 Bxf3 23. Qxf3 exf4 24. Bxf4 Bxb2 25. e5 Qb7 26. Bh6 Qe7 27. d6 Qe6
28. Bg5 Rd7 29. Bf6 c3 30. Qf4 Qh3 31. e6 fxe6 32. Rd3 Qf5 33. Qxf5 exf5 34.
Re7 Rxe7 35. dxe7 Kf7 36. Rd8 1-0